Zúčtovanie so zamestnancami a orgánmi sociálneho poistenia a zdravotného poistenia

Zúčtovacie vzťahy so zamestnancami a orgánmi sociálneho zabezpečenia a zdravotného poistenia sa účtujú v účtovej skupine 33, ktorá obsahuje zúčtovanie so zamestnancami vyplývajúce z pracovnoprávnych vzťahov, ako aj ostatné zúčtovania vo vzťahu k nim vrátane zúčtovania sociálneho poistenia a zdravotn...

Descrizione completa

Salvato in:
Dettagli Bibliografici
Autore principale: Paliderová, Martina
Natura: Capitolo di libro
Lingua:slovacco
Soggetti:
Tags: Aggiungi Tag
Nessun Tag, puoi essere il primo ad aggiungerne!!

MARC

LEADER 00000naa a2200000 4500
001 0282660
005 20240417075158.4
041 0 |a slo 
044 |a SK 
245 1 0 |a Zúčtovanie so zamestnancami a orgánmi sociálneho poistenia a zdravotného poistenia  |c Martina Paliderová 
520 |a Zúčtovacie vzťahy so zamestnancami a orgánmi sociálneho zabezpečenia a zdravotného poistenia sa účtujú v účtovej skupine 33, ktorá obsahuje zúčtovanie so zamestnancami vyplývajúce z pracovnoprávnych vzťahov, ako aj ostatné zúčtovania vo vzťahu k nim vrátane zúčtovania sociálneho poistenia a zdravotného poistenia. Zúčtovanie s orgánmi sociálneho poistenia a zdravotného poistenia sa vzťahuje na účtovnú jednotku ako zamestnávateľa, na zamestnancov a spoločníkov v obchodných spoločnostiach a členov družstiev, ktorí sú zároveň v pracovnoprávnom vzťahu k spoločnosti a družstvu. 
610 2 0 |a zúčtovanie 
610 2 0 |a účtovanie 
610 2 0 |a účtovníctvo 
610 2 0 |a právo 
610 2 0 |a legislatíva 
610 2 0 |a zákony 
610 2 0 |a zamestnanci 
610 2 0 |a poistenie 
610 2 0 |a poistenie sociálne 
610 2 0 |a poistenie zdravotné 
100 1 |a Paliderová, Martina